| 000 | 00993nas a2200325 4500 | ||
|---|---|---|---|
| 001 | BR0405613 | ||
| 003 | BR-BrBNA | ||
| 005 | 20231205105006.0 | ||
| 007 | ta | ||
| 008 | 230509b bl.|||p| |||| 00| 00por d | ||
| 040 |
_aBR-BrBNA _bpor _cBiblioteca Nacional de Agricultura |
||
| 041 | _a(Pt) | ||
| 072 | _aF30; F40 | ||
| 100 | 1 | _aMonteiro, M.C.D. | |
| 100 | 1 | _aAnunciação Filho, C.J. da | |
| 100 | 1 | _aTabosa, J.N. | |
| 100 | 1 | _aOliveira, F.J. de | |
| 100 | 1 | _aReis, O.V. dos | |
| 100 | 1 | _aBastos, G.Q. | |
| 245 | 1 | _aAvaliação do desempenho de sorgo forrageiro para o semi-árido de Pernambuco | |
| 650 | _aSORGO FORRAGEIRO | ||
| 650 | _aHÍBRIDO | ||
| 650 | _aMATÉRIA SECA | ||
| 650 | _aCARACTERÍSTICAS AGRONÔMICAS | ||
| 650 | _aZONA SEMI-ÁRIDA | ||
| 650 | _aPERNAMBUCO | ||
| 773 | 0 |
_tRevista Brasileira de Milho e Sorgo (Brazil) _xISSN 1676-689X _g(Jan-Apr 2004), v. 3(1) p. 52-61 _wBR0405613 |
|
| 909 |
_a202311 _bLúcia _c55 _dLúcia Elande |
||
| 942 |
_2AGRIS _n0 _cANA |
||
| 999 |
_c180666 _d180666 |
||